Human rights and the law: national global perspectives (Record no. 91904)

MARC details
000 -LEADER
fixed length control field 00382nam a2200145Ia 4500
008 - FIXED-LENGTH DATA ELEMENTS--GENERAL INFORMATION
fixed length control field 230917s9999||||xx |||||||||||||| ||und||
040 ## - CATALOGING SOURCE
-- 80741
Original cataloging agency VIVEKANANDA LIBRARY
041 ## - Language
-- English
082 ## - DDC NUMBER
Classification number 342.7 C448H
100 ## - MAIN ENTRY--PERSONAL NAME
Personal name Chitnis, Vijay, ed
245 #0 - TITLE STATEMENT
Title Human rights and the law: national global perspectives
260 ## - PUBLICATION, DISTRIBUTION, ETC. (IMPRINT)
Place of publication, distribution, etc Mumbai
Name of publisher, distributor, etc Snow White
Date of publication, distribution, etc 1997
300 ## - PHYSICAL DESCRIPTION
Pages xiv, 482 p.
942 ## - ADDED ENTRY ELEMENTS (KOHA)
Koha item type Books
Holdings
Withdrawn status Lost status Damaged status Not for loan Location (home branch) Sublocation or collection (holding branch) Date acquired Koha issues (times borrowed) Koha full call number Accession No. Koha date last seen Koha item type
        VIVEKANANDA LIBRARY VIVEKANANDA LIBRARY 12/03/2003   342.7 C448H 172832 17/09/2023 Books
© Designed and Maintained by Vivekananda Library, MDU Rohtak